F1 Drivers - Nationalities - Statistics

General Stats
  • This quiz has been taken 68 times
  • The average score is 29 of 36
Answer Stats
Hint Answer % Correct
Doohan/Piastri/Ricciardo Australia
100%
Bortoleto/Senna Brazil
100%
Zhou China
100%
Hulkenberg/Vettel/Schumacher Germany
100%
Antonelli Italy
100%
Perez Mexico
100%
Verstappen Netherlands
100%
Sainz/Alonso Spain
100%
Bottas/Raikonnen Finland
98%
Gasly/Ocon/Hadjar/Prost France
98%
Tsunoda Japan
98%
Norris/Hamilton/Bearman/Russell United Kingdom
98%
Sargeant/Andretti United States
98%
Leclerc Monaco
97%
Stroll Canada
95%
Magnussen Denmark
95%
Lawson New Zealand
95%
Mazepin Russia
94%
Colapinto/Fangio Argentina
90%
Lauda/Berger Austria
90%
Albon Thailand
90%
Kubica Poland
89%
Peterson/Ericsson Sweden
87%
Vandoorne Belgium
81%
Buemi Switzerland
74%
Maldonaldo Venezuela
73%
Daly/Firman Ireland
69%
Salazar Chile
65%
Scheckter South Africa
65%
Chaves/Lamy Portugal
58%
Baumgartner Hungary
50%
Yoong Malaysia
45%
Cantoni/Bayardo Uruguay
45%
Enge Czech Republic
44%
Von Opel Liechtenstein
42%
La Caze Morocco
21%
No matching quizzes found
Score Distribution
Percent of People with Each Score
Percentile by Number Answered
Your Score History
You have not taken this quiz